000 00737nam a2200265 a 4500
003 AR-BaBNM
005 20251128203126.0
008 082120s2002 ||||||||||||||000 | spa||
020 _a950-99095-0-5
040 _cAR-BaBNM
100 1 _aGulías, José F.
245 0 0 _aEl libro de Ezequiel
260 _aBuenos Aires
_bLa Gran Aldea Centro Editor
_c1987
300 _a65 p.
_bil.
500 _aContiene un comentario de la obra en contratapa a cargo de Agustín Tavitian
650 4 _aREALISMO
650 4 _aLITERATURA ARGENTINA
650 4 _aLITERATURA CONTEMPORANEA
653 _aNARRATIVA
653 _aCOSTUMBRISMO
655 _aLITERATURA
700 1 _aBonome, Rodrigo
_eilustrador
942 _cBK
998 _cMARTIN
999 _c2021
_d2021